| 000 | 00524 a2200169 4500 | ||
|---|---|---|---|
| 040 |
_aDLC _bDLC |
||
| 082 | 0 | 0 | _a808.06665 |
| 100 | 1 | _aGuffey, Mary Ellen. | |
| 245 | 1 | 0 |
_aEssentials of business communication _cMary Ellen Guffey. |
| 250 | _a6th ed. | ||
| 260 |
_aMason, Ohio : _bThomson/South-Western, _cc2004. |
||
| 300 |
_axxxii, 511 p. : _bill. (some col.) ; _c28 cm. |
||
| 650 | 0 | _aBusiness writing. | |
| 650 | 0 |
_aEnglish language _xBusiness English. |
|
| 650 | 0 | _aBusiness communication. | |
| 942 |
_cBK _k808.06665 GUF _2ddc |
||
| 999 |
_c9958 _d9958 |
||